<?xml version="1.0" encoding="UTF-8"?>
<collection xmlns="http://www.loc.gov/MARC21/slim">
 <record>
  <leader>     na                 </leader>
  <controlfield tag="001">INLIS000000000000816</controlfield>
  <controlfield tag="005">20221012110108</controlfield>
  <datafield tag="035" ind1=" " ind2=" ">
   <subfield code="a">0010-0621000416</subfield>
  </datafield>
  <controlfield tag="008">221012                g          0 ind  </controlfield>
  <datafield tag="245" ind1="1" ind2=" ">
   <subfield code="a">KRIS 45 Berjuang Membela Negara :</subfield>
   <subfield code="b">Sebuah Refleksi Perjuangan Revolusi KRIS (Kebaktian Rakyat Indonesia Sulawesi)</subfield>
  </datafield>
  <datafield tag="100" ind1="1" ind2=" ">
   <subfield code="a">Warouw, Josef A. [et al.]</subfield>
  </datafield>
  <datafield tag="260" ind1=" " ind2=" ">
   <subfield code="a">Jakarta :</subfield>
   <subfield code="b">Pustaka Sinar Harapan,</subfield>
   <subfield code="c">1999</subfield>
  </datafield>
  <datafield tag="300" ind1=" " ind2=" ">
   <subfield code="a">xxvi + 339 hlm. :</subfield>
   <subfield code="b">Ilustrasi ;</subfield>
   <subfield code="c">21 cm.</subfield>
  </datafield>
  <datafield tag="020" ind1=" " ind2=" ">
   <subfield code="a">979-416-450-x</subfield>
  </datafield>
  <datafield tag="084" ind1=" " ind2=" ">
   <subfield code="a">369.86 WAR k</subfield>
  </datafield>
  <datafield tag="520" ind1=" " ind2=" ">
   <subfield code="a">KRIS 45 Bekas anggota badan perjuangan yang tergabung dalam Kebaktian Rakyat Indonesia Sulawesi (KRIS). KRIS ingin menyampaikan dan melestarikan nilai-nilai perjuangan kemerdekaan tahun 1945 yang direbut dan dipertahankan dengan lumuran darah dan pengorbanan jiwa dalam suafu dokumentasi )rang tertulis. KRISberkeyakinan bahwa pelestarian nilai-nilai `45 merupakan inti dari perjuangan bangsa. Dengan demikian, cinta tanah air haruslah didasari keyakinan, bahwa setiap bangsa mempunyai hak menentukan nasibnya sendiri, sehingga membuahkan semangat perjuangan dan rela berkorban dengan ikhlas. Sebagai salah satu badan perjuangan yang ikut mempertahankan kemerdekaan lndonesia, KRIS ingin menunjukkan etos perjuangan mereka yang bahu-membahu dengan badan perjuangan lainnya mengusir NICA-Belanda dari bumi Indonesia. Dengan kekuatan yang serba kekurangan khususnya persenjataan, namun dengan kerelaan berkorban jiwa, mereka mampu mendobrak benteng-benteng pertahanan musuh, menghentikan tank-tank dan menangkis peluru-peluru meriam,sehingga akhirnya para penjaj.ah kewalahan dan harus mengakui hak kemerdekaan rakyat Indonesia. Untuk ifu, perjuangan KRIS dapat diibaratkan suatu lilin kecil di antara lilin-lilin lainnya yang sanggup menerangi tanah air Indonesia, yang sebelumnya selalu ditutupi suasana kegelapan akibat penjajahan asing, Belanda dan Jepang. Dengan terdokumentasinya perjuangan KRIS dalam uraian yang cukup lengkap, maka terbitlah suatu buku yang berjudul KRIS 45 : BERJUANG MEMBELA NEGARA Sebuah Refleksi Perjunngan Reoolusi KRIS (Kebaktian Rakynt lndonesia Sulawesi). Tentunya dalam proses awal pengumpulan data, penulisan sampai dengan penerbitannya membutuhkan waktu yang cukup lama dan dana tertentu. Walaupun telah direncanakan penerbitan buku ini sejak tahun 1980-an diawali dengan mengadakan wawancara kepada para tokoh dan anggota KRIS, tetapi masih banyak kendala. Kiranya buku ini dapat memberi gambaran tentang badan prerjuangan KRIS (Kebaktian Rakyat Indonesia Sulmrresi), terutama mengenai dasar dan fujuan mereka membela bangsa dan negara lndonesia yang tercinta. Perjuangan masih harus diteruskan. untuk itu, generasi muda harus memahami dasar-dasarperjuangan KRIS di masa lalu, dan menghayati nilai-nilai perjuangan 45 supaya berdasarkan pengalaman-pengalaman yang climiliki generasi `45 akan dapat memacu generasi muda untuk lebih giat membangun Indonesia.</subfield>
  </datafield>
  <datafield tag="082" ind1=" " ind2=" ">
   <subfield code="a">369.86</subfield>
  </datafield>
  <datafield tag="650" ind1=" " ind2="4">
   <subfield code="a">Organisasi Patriotik</subfield>
  </datafield>
  <datafield tag="650" ind1=" " ind2="4">
   <subfield code="a">Sulawesi</subfield>
  </datafield>
  <datafield tag="250" ind1=" " ind2=" ">
   <subfield code="a">Cetakan 1</subfield>
  </datafield>
  <datafield tag="990" ind1=" " ind2=" ">
   <subfield code="a">073977</subfield>
  </datafield>
  <datafield tag="990" ind1=" " ind2=" ">
   <subfield code="a">074400</subfield>
  </datafield>
  <datafield tag="990" ind1=" " ind2=" ">
   <subfield code="a">074412</subfield>
  </datafield>
 </record>
</collection>
